02078nam a2200409Ia 450000100090000000300090000900500170001800800410003504000380007604100130011408200220012710000300014924501470017926400600032630000280038649000320041450400670044650505260051352600100103952600100104952600100105952600100106952600080107952600080108752600080109552600080110352600080111152600080111952600080112753401590113563000650129465000590135970000360141870000560145473000790151073000790158939863429PE-LiUPU20250731173603.0250305b |||||||| |||| 00| 0 spa d aIDKcPE-LiUPUdPE-LiUPUbspaerda1 aenghger 223a225.04bD712n1 aDormeyer, Detlev.eautor.14aThe New Testament among the writings of antiquity /cDetlev Dormeyer ; translated by Rosemarie Kossov ; translation editor, Stanley E. Porter. aSheffield, England :bSheffield Academic Press,cc1998. a324 páginas ;c24 cm.1 aThe Biblical seminar ;v55. aIncluye referencias bibliográficas (p. [260]-307) e indices. aThe modern literary comparison between biblical literature and the literature of antiquity -- The teacher and prophet of the 'sciptures', Jesus of Nazareth -- The relationship of the literature of antiquity to biblical litarature -- The language and language world of the new testament --Oral saying genres of Jesus: the words of the lord -- Oral apostolic sayings genres -- Oral narrative genres of Jesus: parables -- oral apostolic narrative genres -- The letters -- The gospels and acts of the apostles -- Apocalypses. aSEG42 aSEG41 aSEG40 aSEG39 aP94 aP87 aP86 aP85 aP77 aP76 aP35 pTranslation of:tNeue Testament im Rahmen der antiken Literaturgeschichte.cDarmstadt : Wissenschaftliche Buchgesellschaft, 1993.f(Altertumswissenschaft)14aBiblia.pNuevo TestamentoxCrítica, interpretación, etc.24aLiteratura griegaxRelación con el Nuevo testamento.1 aKossov, Rosemarie.etraductora.1 aPorter, Stanley E.,d1956-eeditor de traducción.02aNeue Testament im Rahmen der antiken Literaturgeschichte.lEnglish.f1998.02aNeue Testament im Rahmen der antiken Literaturgeschichte.lEnglish.f1998.